000 00547nam a2200181Ia 4500
005 20250326130916.0
008 250326s9999 xx 000 0 und d
037 _aTextbook
040 _aFMSL
_beng
_cFMSL
041 _aeng
_2eng
084 _aX:5.1 M1
_qFMSL
100 _aInternational Trade Centre
245 0 _aTropical & off-season fresh fruit & vegetables
_cInternational Trade Centre
260 _aGeneva
_bGeneva, International Trade Centre
_c1981
300 _a246p
942 _cTB
_hX:5.1 M1
999 _c1284641
_d1284641